| 000 | 00395cam a22001217a 4500 | ||
|---|---|---|---|
| 008 | 180718b1965 xxu||||| |||| 00| 0 eng d | ||
| 082 | _aA81x54 In2/61/Vol 11/Pt 2-B (ii) | ||
| 100 | _aCensus of India 1961 | ||
| 245 | _aMysore: general economic tables | ||
| 260 |
_aDelhi _bThe Manager of Publications _c1965 |
||
| 300 | _a645+p. | ||
| 440 | _aCensus of India 1961. Volume XI, Mysore. Part II-B (ii) | ||
| 999 |
_c484051 _d484051 |
||